Planificación de una estrategia de social media marketing para posicionar en la mente de posibles consumidores a la empresa de alimentos Bazali S.R.L. de la ciudad de La Paz (Registro nro. 8699)

000 -CABECERA (24)
Campo de control interno 02878nam a22002894a 4500
003 - IDENTIFICADOR DE CONTROL
Campo control BOLpUSFA
005 - FECHA Y HORA DE CATALOGACION
Campo de control 20230412222538.0
008 - ELEMENTOS DE LONGITUD FIJA - INFORMACIÓN GENERAL
Campo de control de longitud fija t bo ad rm 001 | spa d
040 ## - Origen de la Catalogacion
Origen de la Catalogacion BOLpUSFA
041 ## - Código de idioma (R)
Código de lengua del texto/banda sonora o título independiente (R) spa
044 ## - Código de país de la publicación
Codigo de pais MARC BO
082 ## - Número de la Clasificación Decimal Dewey
Número de la Clasificación Decimal Dewey COM0113
Codigo Cutter M337p T
100 ## - Autor Personal
Autor Personal Marin Paredes, Paola Andrea
245 ## - Titulo
Titulo Planificación de una estrategia de social media marketing para posicionar en la mente de posibles consumidores a la empresa de alimentos Bazali S.R.L. de la ciudad de La Paz
260 ## - Editorial
Ciudad La Paz :
Nombre de la Editorial Universidad Privada San Francisco de Asís, Carrera de Comunicación Social,
Fecha 2021.
300 ## - Descripcion
Extension 290 p. :
502 ## - Nota de Tesis
Nota de Tesis Tesis de Grado presentada para optar el Grado Académico de Licenciatura en Comunicación Social - Universidad Privada San Francisco de Asís. 2021. - Tutor: Lic. Rodrigo Mauricio Michell Montaño.
520 ## - Resumen
Resumen Resumen<br/> La empresa de alimentos “Bazali”, es un emprendimiento boliviano, dedicado a la producción y comercialización de alimentos gourmet y saludables de panadería y galletería, con aproximadamente 8 años de vigencia, los productos de “Bazali”, se han colocado en los principales escaparates de los supermercados de La Paz, sin embargo, no logro alcanzar un posicionamiento en el mercado. Esto se debería principalmente a que la empresa no cuenta con ningún tipo de estrategia digital, ni un plan bien establecido para difundir o promover su marca y los productos, lo que la pone en desventaja en comparación a otras empresas del mismo rubro. El presente proyecto propone la planificación de una estrategia de social media marketing para la empresa de alimentos “Bazali”, con el fin de visibilizar la marca y promocionar sus productos como parte de una estrategia de posicionamiento en las redes sociales. Para el desarrollo de la propuesta la investigación será fundamental, por ello, se acudirá al empleo de técnicas de recolección de información pertinentes que nos permitan recaudar datos de primera mano, para posteriormente analizarlos y determinar todos los parámetros necesarios para elaborar la estrategia de posicionamiento de “Bazali”. Durante el desarrollo de la propuesta se implementarán elementos muy valiosos para la empresa, que permitirán a mediano o largo plazo posicionar a “Bazali” de forma exitosa. El proyecto se dividirá en dos grandes partes: la primera, se establecerá todos los pasos teóricos e investigaciones previas a la puesta en marcha del plan y en la segunda se explicará todo el proceso práctico, desde la elección las plataformas sociales hasta su implementación
650 ## - Temas - Descriptores
Temas - Descriptores Tesis de Grado
650 ## - Temas - Descriptores
Temas - Descriptores Comunicación Social
650 ## - Temas - Descriptores
Temas - Descriptores Marketing digital
650 ## - Temas - Descriptores
Temas - Descriptores Estrategia de comunicación
650 ## - Temas - Descriptores
Temas - Descriptores Posicionamiento marca
650 ## - Temas - Descriptores
Temas - Descriptores Industrias alimenticias
650 ## - Temas - Descriptores
Temas - Descriptores Galletas
942 ## - ELEMENTOS DE KOHA
Esquema de Clasificaci
Tipo de Documento Tesis
Catalogador WM
Existencias
Retirado (estado) Perdido (estado) Fuente de Clasificacion Deterioro (estado) Prestamo Coleccion Ubicacion permanente Ubicacion actual Fondo Fecha de adquisicion Origen de adquisicion Prestamos Signatura Topografica Codigo de barras Ultima fecha de verificacion Price effective from Tipo de Item
No Dañado Disponible   No Dañado Disponible Tesis Biblioteca USFA La Paz Biblioteca USFA La Paz Colección Tesis 09/06/2022 Depósito   COM0113 M337p T BLP02943 09/06/2022 09/06/2022 Tesis

Universidad Privada San Francisco de Asis (USFA)
Sopocachi, av. 20 de octubre esq. Belisario Salinas No.397 (Plaza Abaroa)
Telf.fax (+591-2) 2443773
info@usfa.edu.bo